000 00602nam a2200193Ia 4500
003 GCL
008 140319s9999 xx 000 0 ara d
040 _aGCL /
_cGCL
082 0 4 _a956.048
_bع ح
100 1 _aعبدالوهاب زيتون
245 1 0 _aالحروب الصليبية هل انتهت /
_cعبدالوهاب زيتون
260 _a[S.N] :
_bدار المعرفة ،
_c1992
300 _a260 ص
490 _a
650 0 4 _aالنزاع العربى الاسرائيلى
650 0 4 _aالحرب
650 0 4 _aالحرب العربية الاسرائيلية
942 _2ddc
_cBK
999 _c58847
_d58847